01280nam a2200253 a 450000100090000000800410000901000150005002000180006505000160008310000210009924501080012025000120022826000410024030000240028135000110030550000530031665000220036970000220039199501570041399501680057099900170073895201340075595201370088916695791170220s2012 ||||||||||||||||| || u a2011011486 a9781412977616 aBF 311 Fri  aFriedenberg, Jay10aCognitive science : an introduction to the study of mind. (2nd ed.)cJay Friedenberg, Gordon Silverman. a2nd ed. aLos AngelesbSAGE Publicationsc2012 axxv, 517 p. : ill.  a108.00 aIncludes bibliographical references and indexes. 0aCOGNITIVE SCIENCE aSilverman, Gordon aMAIN LIBRARY OPEN ACCESSe747478FCBU-MAIN LIBRARY (Kitwe)I108.00jBF 311 Fri M2UAVAILABLEWFeb 20, 2017y747478ZMain Library Open Access Collection aMEDICAL LIBRARY OPEN ACCESSe747128FCBU-SCHOOL OF MEDICINE LIBRARY (Ndola)jBF 311 FriM1UAVAILABLEWOct 12, 2016y747128ZMedical Library Open Access Collection c64010d64010 00102lcc4070a001b001cMain Library Open Access Collectiond2023-02-01l0oBF 311 Frip747478r2023-02-01t1w2023-02-01y002 00102lcc4070a002b002cMedical Library Open Access Collectiond2023-02-01l0oBF 311 Frip747128r2023-02-01t2w2023-02-01y002